Documentos constitucionales y textos políticos / (Record no. 57192)

MARC details
000 -LEADER
campo de control de longitud fija 00453nam a2200145 i 4500
001 - NÚMERO DE CONTROL
campo de control 57192
003 - IDENTIFICADOR DE NÚMERO DE CONTROL
campo de control ES-MaACL
007 - CAMPO FIJO DE DESCRIPCIÓN FÍSICA--INFORMACIÓN GENERAL
campo de control de longitud fija t|
008 - DATOS DE LONGITUD FIJA--INFORMACIÓN GENERAL
campo de control de longitud fija 031015s1982 sp ||||1| spa d
245 00 - MENCIÓN DEL TÍTULO
Título Documentos constitucionales y textos políticos /
Mención de responsabilidad, etc. edición preparada por Luis Sánchez Agesta.
260 ## - PUBLICACIÓN, DISTRIBUCIÓN, ETC.
Lugar de publicación, distribución, etc. Madrid :
Nombre del editor, distribuidor, etc. Editora Nacional,
Fecha de publicación, distribución, etc. [1982]
300 ## - DESCRIPCIÓN FÍSICA
Extensión 431 p. ;
Dimensiones 18 cm.
700 1# - ENTRADA AGREGADA--NOMBRE PERSONAL
Nombre de persona Sánchez Agesta, Luis.
9 (RLIN) 102435
852 ## - LOCALIZACIÓN
Ubicación ES-MaACL
Número de control de estantería L-621
Sublocalización o colección R.104189
Holdings
Estatus retirado Estado de pérdida Estado de daño No para préstamo Biblioteca de origen Biblioteca actual Ubicación en estantería Fecha de adquisición Fuente de adquisición Total de préstamos Signatura topográfica completa Código de barras Visto por última vez Precio de reemplazo Tipo de ítem Koha
        Biblioteca del Ateneo de Madrid Biblioteca del Ateneo de Madrid Depósito 2 17/01/2008     L-621 1060050 23/02/2023 23/02/2023 Libro impreso